Redes familiares /

Uloženo v:
Podrobná bibliografie
Hlavní autor: Attneave, Carolyn L. (autor)
Další autoři: Speck, Ross V. (autor) (autor)
Médium: Kniha
Jazyk:španělština
Vydáno: Buenos Aires, Argentina : Amorrortu, 1974, c1974
Témata:
Tagy: Přidat tag
Žádné tagy, Buďte první, kdo vytvoří štítek k tomuto záznamu!

MARC

LEADER 00000nam^a2200000^a^4500
001 000072575
005 20250521000000.0
009 20260310091559.243
037 |a Acervo ITESO - Biblioteca 
041 |a ESP 
082 |a 616. 89156  |b SPE 
100 |a Attneave, Carolyn L.  |e (autor) 
245 1 0 |a Redes familiares /  |c R.V. Speck, C.L. Attneave ; tr. por Leandro Wolfson. 
264 4 |a Buenos Aires, Argentina :  |b Amorrortu,  |c 1974, c1974 
300 |a 157 p. 
336 |a texto  |b txt  |2 rdacontenido 
337 |a sin mediación  |b n  |2 rdamedio 
338 |a volumen  |b nc  |2 rdasoporte 
500 |a Traducción de: Family Networks 
649 |a XX 
650 |a Redes Sociales -  |x Aspectos Psicológicos -  |x Tema Principal 
650 |a Psicoterapia Grupal 
650 |a Terapia Familiar -  |x Tema Principal 
650 |a Psicología Clínica 
700 |a Speck, Ross V.  |e (autor) 
910 |a Fondo Armando Suárez Gómez 
920 |a Impresos - Libros 
930 |a Fondos Especiales 
905 |a 111 
901 |a 0700006807  |b IT2  |c ESP  |u 20250521 
901 |a 0500040220  |b IT2  |c ESP  |u 20250521 
902 |a https://opac.biblio.iteso.mx/vufind/Record/000072575